Во мраке сверкающих звезд: роман

Bibliographic Details
Main Author: Михайлова Е. Евгения
Summary:Встретив во время прогулки по скверу парня, оставшегося без денег и документов, она не смогла пройти мимо и через несколько дней уже не представляла без него своей жизни. Она оберегала его, будто чувствуя — скоро Игорь попадет в еще большую беду...Андрей не находил себе места, сразу поняв: на его сына Игоря напали из-за Светланы. Андрей знал, что поступает аморально и пре­ступно, но даже в мыслях боялся расстаться с девушкой...Светлана не пыталась сбежать из заточения: после всего, что с ней сделали, она не хотела жить. Но почему этот странный человек про­должает заботиться о ней, если сотворил такое?..Мы часто принимаем желаемое за действительное. Тяжело отказы­ваться от иллюзий, но только это позволит взглянуть правде в глаза, какой бы страшной она ни оказалась...
Language:Russian
Published: Москва, Эксмо, 2015
Series:Детектив-событие
Subjects:
Format: Book
KOHA link:https://koha.lib.tpu.ru/cgi-bin/koha/opac-detail.pl?biblionumber=289710

MARC

LEADER 00000nam0a2200000 4500
001 289710
005 20231102000219.0
010 |a 9785699770854 
035 |a (RuTPU)RU\TPU\book\314224 
090 |a 289710 
100 |a 20150402d2015 m y0rusy50 ca 
101 0 |a rus 
102 |a RU 
105 |a y z 000ay 
200 1 |a Во мраке сверкающих звезд  |e роман  |f Е. Михайлова 
210 |a Москва  |c Эксмо  |d 2015 
215 |a 316 с.  |c ил. 
225 1 |a Детектив-событие 
330 |a Встретив во время прогулки по скверу парня, оставшегося без денег и документов, она не смогла пройти мимо и через несколько дней уже не представляла без него своей жизни. Она оберегала его, будто чувствуя — скоро Игорь попадет в еще большую беду...Андрей не находил себе места, сразу поняв: на его сына Игоря напали из-за Светланы. Андрей знал, что поступает аморально и пре­ступно, но даже в мыслях боялся расстаться с девушкой...Светлана не пыталась сбежать из заточения: после всего, что с ней сделали, она не хотела жить. Но почему этот странный человек про­должает заботиться о ней, если сотворил такое?..Мы часто принимаем желаемое за действительное. Тяжело отказы­ваться от иллюзий, но только это позволит взглянуть правде в глаза, какой бы страшной она ни оказалась... 
606 1 |a Русская литература современная  |2 stltpush  |3 (RuTPU)RU\TPU\subj\26373  |9 50316 
610 1 |a проза 
610 1 |a романы 
610 1 |a детективы 
675 |a Р2  |v 4 
700 1 |a Михайлова  |b Е.  |g Евгения 
801 1 |a RU  |b 63413507  |c 20150402 
801 2 |a RU  |b 63413507  |c 20150611  |g RCR 
942 |c BK 
959 |a 30/20150401  |d 1  |e 169,23  |f ХФ:1